20 Lowest Ranked FIFA Countries - Statistics

General Stats
  • This quiz has been taken 33 times
  • The average score is 12 of 20
Answer Stats
Continent Country % Correct
Europe San Marino
93%
Europe Liechtenstein
86%
Asia Bhutan
83%
Oceania Tonga
72%
North America Bahamas
66%
Asia East Timor
66%
Oceania Samoa
66%
Asia Bangladesh
62%
Africa Sao Tome and Principe
62%
Africa Seychelles
62%
Africa Djibouti
59%
North America Dominica
59%
Asia Laos
59%
North America Belize
55%
Asia Brunei
55%
Asia Pakistan
55%
Asia Cambodia
52%
Asia Sri Lanka
52%
Asia Mongolia
41%
Africa Somalia
38%
No matching quizzes found
Score Distribution
Percent of People with Each Score
Percentile by Number Answered
Your Score History
You have not taken this quiz